[Event "XLVII C.to Italiano"]
[Site "Chianciano Terme ITA"]
[Date "1987.05.??"]
[Round "?"]
[White "Mantovani, Renzo"]
[Black "Vallifuoco, Giacomo"]
[WhiteElo "2280"]
[BlackElo "2385"]
[Result "1/2-1/2"]
[PlyCount "36"]
[EventDate "1987.05.23"]

1. e4 c5 2. Nf3 e6 3. d4 cxd4 4. Nxd4 Nf6 5. Nc3 d6 6. Be3 a6 7. Qd2 Be7 8. f3
Nc6 9. g4 h6 10. O-O-O d5 11. Qe1 e5 12. Nxc6 bxc6 13. exd5 Nxd5 14. Nxd5 cxd5
15. Bc4 Be6 16. f4 exf4 17. Bxf4 Bg5 18. Qe3 Qc7 1/2-1/2

[Event "XLVII C.to Italiano"]
[Site "Chianciano Terme ITA"]
[Date "1987.05.??"]
[Round "?"]
[White "Martorelli, Antonio"]
[Black "Messa, Roberto"]
[WhiteElo "2295"]
[BlackElo "2310"]
[Result "0-1"]
[PlyCount "78"]
[EventDate "1987.05.23"]

1. d4 e6 2. c4 Bb4+ 3. Nc3 f5 4. g4 fxg4 5. h3 g3 6. fxg3 Nf6 7. Bg2 O-O 8. Nf3
Ne4 9. Bd2 Nxg3 10. Rg1 Nf5 11. Qb3 Nxd4 12. Nxd4 Qh4+ 13. Kd1 Qxd4 14. e3 Qd6
15. Ke2 Na6 16. Ne4 Qe7 17. Bc3 Bxc3 18. Qxc3 d6 19. Bf3 e5 20. Rg3 Bf5 21.
Rag1 g6 22. h4 Bxe4 23. Bxe4 Nc5 24. Bd5+ Kh8 25. h5 gxh5 26. b4 Ne6 27. Bxb7
Rab8 28. Bd5 h4 29. Rg4 Rg8 30. Qd3 Rxg4 31. Rxg4 Rf8 32. Bxe6 Qxe6 33. Rxh4
Qf7 34. Qe4 Qf1+ 35. Kd2 Rf2+ 36. Kc3 Qa1+ 37. Kd3 Qb1+ 38. Kc3 Qb2+ 39. Kd3
Rd2# 0-1

[Event "XLVII C.to Italiano"]
[Site "Chianciano Terme ITA"]
[Date "1987.05.??"]
[Round "?"]
[White "Martorelli, Antonio"]
[Black "Vallifuoco, Giacomo"]
[WhiteElo "2295"]
[BlackElo "2385"]
[Result "1/2-1/2"]
[PlyCount "79"]
[EventDate "1987.05.23"]

1. e4 c5 2. Nf3 e6 3. d4 cxd4 4. Nxd4 Nf6 5. Nc3 d6 6. f4 a6 7. Qf3 Qc7 8. Be3
b5 9. e5 Bb7 10. Qg3 dxe5 11. fxe5 Nfd7 12. O-O-O b4 13. Nce2 Be7 14. Nf3 g6
15. Ned4 Nc5 16. Bd3 Nbd7 17. Bg5 Nxd3+ 18. Rxd3 Nc5 19. Re3 O-O-O 20. Bxe7
Qxe7 21. Rd1 Rd7 22. a3 bxa3 23. Rxa3 Rhd8 24. b4 Ne4 25. Qe1 g5 26. g4 h5 27.
h3 hxg4 28. hxg4 f5 29. gxf5 g4 30. fxe6 Rc7 31. Nh4 Qg5+ 32. Kb1 g3 33. Nhf5
g2 34. e7 Rxe7 35. Nxe7+ Qxe7 36. Nf3 Rxd1+ 37. Qxd1 Qxb4+ 38. Ka2 Nc3+ 39.
Rxc3+ Qxc3 40. Ng1 1/2-1/2

[Event "XLVII C.to Italiano"]
[Site "Chianciano Terme ITA"]
[Date "1987.05.??"]
[Round "?"]
[White "Messa, Roberto"]
[Black "Bellia, Fabrizio"]
[WhiteElo "2310"]
[BlackElo "2280"]
[Result "1/2-1/2"]
[PlyCount "22"]
[EventDate "1987.05.23"]

1. e4 e5 2. Nf3 Nc6 3. Bb5 a6 4. Ba4 Nf6 5. O-O Be7 6. Re1 b5 7. Bb3 O-O 8. c3
d6 9. h3 Na5 10. Bc2 c5 11. d4 Qc7 1/2-1/2

[Event "XLVII C.to Italiano"]
[Site "Chianciano Terme ITA"]
[Date "1987.05.??"]
[Round "?"]
[White "Messa, Roberto"]
[Black "De Eccher, Stefano"]
[WhiteElo "2310"]
[BlackElo "2325"]
[Result "1/2-1/2"]
[PlyCount "25"]
[EventDate "1987.05.23"]

1. e4 e5 2. Nf3 Nc6 3. Bb5 a6 4. Ba4 Nf6 5. d3 d6 6. c3 Bd7 7. Nbd2 Be7 8. O-O
O-O 9. Re1 Qe8 10. Bc2 Rd8 11. Nf1 Kh8 12. h3 Bc8 13. d4 1/2-1/2

[Event "XLVII C.to Italiano"]
[Site "Chianciano Terme ITA"]
[Date "1987.05.??"]
[Round "?"]
[White "Messa, Roberto"]
[Black "Godena, Michele"]
[WhiteElo "2310"]
[BlackElo "2360"]
[Result "0-1"]
[PlyCount "80"]
[EventDate "1987.05.23"]

1. e4 e5 2. Bc4 Nf6 3. Qe2 Nc6 4. c3 g6 5. d3 Bg7 6. Bb3 O-O 7. Nd2 d5 8. Nf1
h6 9. h4 b6 10. h5 g5 11. Ng3 Ne7 12. Nf3 Bg4 13. Qe3 Nh7 14. Nh2 Be6 15. Qe2
Qd7 16. Bc2 f5 17. exf5 Nxf5 18. Nxf5 Bxf5 19. Nf1 Nf6 20. Ng3 Bh7 21. Bd2 Rfe8
22. O-O-O a5 23. Qf1 b5 24. Ne2 c5 25. g3 c4 26. dxc4 Bxc2 27. Kxc2 Qf5+ 28.
Kc1 bxc4 29. f4 exf4 30. Nd4 Qg4 31. gxf4 Ne4 32. Rg1 Qxh5 33. Qg2 g4 34. Rh1
Qf7 35. f5 h5 36. Rdf1 Rab8 37. Ne6 Be5 38. Be1 a4 39. Qc2 a3 40. bxa3 Bd6 0-1

[Event "XLVII C.to Italiano"]
[Site "Chianciano Terme ITA"]
[Date "1987.05.??"]
[Round "?"]
[White "Messa, Roberto"]
[Black "Tatai, Stefano"]
[WhiteElo "2310"]
[BlackElo "2425"]
[Result "1/2-1/2"]
[PlyCount "28"]
[EventDate "1987.05.23"]

1. e4 c5 2. Nf3 g6 3. d4 Bg7 4. c4 d6 5. Nc3 Bg4 6. Be3 Bxf3 7. gxf3 cxd4 8.
Bxd4 Bxd4 9. Qxd4 Nf6 10. O-O-O Nc6 11. Qd2 Qa5 12. Kb1 O-O 13. Be2 Qc5 14. Nd5
Qxf2 1/2-1/2

[Event "XLVII C.to Italiano"]
[Site "Chianciano Terme ITA"]
[Date "1987.05.??"]
[Round "?"]
[White "Messa, Roberto"]
[Black "Vallifuoco, Giacomo"]
[WhiteElo "2310"]
[BlackElo "2385"]
[Result "1/2-1/2"]
[PlyCount "26"]
[EventDate "1987.05.23"]

1. e4 c5 2. Nf3 e6 3. d4 cxd4 4. Nxd4 Nf6 5. Nc3 d6 6. Be2 a6 7. O-O Be7 8. f4
O-O 9. Be3 Nc6 10. a4 Qc7 11. Kh1 Re8 12. Qe1 Bd7 13. Qg3 Rac8 1/2-1/2

[Event "XLVII C.to Italiano"]
[Site "Chianciano Terme ITA"]
[Date "1987.05.??"]
[Round "?"]
[White "Passerotti, Pierluigi"]
[Black "Anceschi, Vittorio"]
[WhiteElo "2320"]
[BlackElo "2250"]
[Result "1-0"]
[PlyCount "71"]
[EventDate "1987.05.23"]

1. Nf3 d5 2. c4 c6 3. d4 Nf6 4. cxd5 cxd5 5. Nc3 a6 6. Bf4 Nc6 7. e3 Bg4 8. Bd3
e6 9. h3 Bh5 10. O-O Be7 11. Rc1 O-O 12. a3 Bg6 13. Bxg6 hxg6 14. b4 Na7 15.
Na4 Nb5 16. Qd3 Ne4 17. Rc2 Bd6 18. Nc5 Bxf4 19. exf4 b6 20. a4 bxc5 21. dxc5
Nc7 22. b5 axb5 23. axb5 Qf6 24. Ne5 Qxf4 25. Nd7 Rfd8 26. c6 Nd6 27. b6 Nc4
28. b7 Rab8 29. Nxb8 Rxb8 30. Rfc1 g5 31. Rxc4 dxc4 32. Rxc4 Qe5 33. Qg3 Qxg3
34. fxg3 Kf8 35. Rd4 Nd5 36. Rxd5 1-0

[Event "XLVII C.to Italiano"]
[Site "Chianciano Terme ITA"]
[Date "1987.05.??"]
[Round "?"]
[White "Passerotti, Pierluigi"]
[Black "Messa, Roberto"]
[WhiteElo "2320"]
[BlackElo "2310"]
[Result "0-1"]
[PlyCount "112"]
[EventDate "1987.05.23"]

1. Nf3 d5 2. c4 e6 3. d4 c5 4. cxd5 exd5 5. g3 Nc6 6. Bg2 Nf6 7. Nc3 Be7 8. O-O
O-O 9. Bg5 Be6 10. Rc1 c4 11. Ne5 Qa5 12. e3 Rfe8 13. f4 Nxe5 14. dxe5 Ng4 15.
Bxe7 Rxe7 16. Qd4 Nh6 17. Nxd5 Rd7 18. e4 Nf5 19. Qf2 Rad8 20. Rxc4 Qxa2 21.
Rcc1 Ne7 22. Nxe7+ Rxe7 23. Rfd1 Rxd1+ 24. Rxd1 h6 25. Qc5 Qb3 26. Rd2 Re8 27.
Kf2 Rc8 28. Qe3 Qb4 29. Bf3 Bb3 30. Be2 Rc2 31. Rd4 Bc4 32. Kf3 Rxe2 33. Qc3
Qxc3+ 34. bxc3 Ba6 35. Rd8+ Kh7 36. Rd7 Rc2 37. Rxf7 Rxc3+ 38. Kg4 Rc4 39. Kf3
Rb4 40. f5 Kg8 41. e6 Bd3 42. e5 Be4+ 43. Kf2 Bc6 44. f6 gxf6 45. exf6 Re4 46.
Rg7+ Kf8 47. e7+ Ke8 48. Rg8+ Kf7 49. Rf8+ Kg6 50. g4 Rf4+ 51. Kg3 Rf3+ 52. Kh4
Re3 53. h3 a5 54. Rh8 Kxf6 55. Rxh6+ Kxe7 56. Kg5 a4 0-1

[Event "XLVII C.to Italiano"]
[Site "Chianciano Terme ITA"]
[Date "1987.05.??"]
[Round "?"]
[White "Passerotti, Pierluigi"]
[Black "Tatai, Stefano"]
[WhiteElo "2320"]
[BlackElo "2425"]
[Result "1/2-1/2"]
[PlyCount "24"]
[EventDate "1987.05.23"]

1. c4 e6 2. d4 Nf6 3. Nc3 Bb4 4. g3 d5 5. Bg2 Nc6 6. Nf3 dxc4 7. O-O Rb8 8. e4
Bxc3 9. bxc3 Nxe4 10. Ne5 Nxe5 11. Bxe4 Ng6 12. Ba3 f5 1/2-1/2

[Event "XLVII C.to Italiano"]
[Site "Chianciano Terme ITA"]
[Date "1987.05.??"]
[Round "?"]
[White "Passerotti, Pierluigi"]
[Black "Vallifuoco, Giacomo"]
[WhiteElo "2320"]
[BlackElo "2385"]
[Result "1/2-1/2"]
[PlyCount "53"]
[EventDate "1987.05.23"]

1. d4 Nf6 2. c4 g6 3. Nc3 d5 4. cxd5 Nxd5 5. e4 Nxc3 6. bxc3 Bg7 7. Bc4 c5 8.
Ne2 O-O 9. O-O cxd4 10. cxd4 Nc6 11. Be3 Bg4 12. f3 Na5 13. Bd3 Be6 14. d5 Bxa1
15. Qxa1 f6 16. Rb1 Bd7 17. Bh6 Rf7 18. e5 fxe5 19. Qxe5 Qb8 20. Qxb8+ Rxb8 21.
Bd2 Bf5 22. Bxf5 Rxf5 23. Bxa5 Rxd5 24. Bb4 Rc8 25. Rb2 Rd7 26. Ng3 Rdc7 27. h4
1/2-1/2

[Event "XLVII C.to Italiano"]
[Site "Chianciano Terme ITA"]
[Date "1987.05.??"]
[Round "?"]
[White "Tatai, Stefano"]
[Black "Arlandi, Ennio"]
[WhiteElo "2425"]
[BlackElo "2330"]
[Result "1/2-1/2"]
[PlyCount "54"]
[EventDate "1987.05.23"]

1. d4 d5 2. Nf3 e6 3. c4 c6 4. Qc2 Nf6 5. g3 dxc4 6. Qxc4 b5 7. Qc2 Bb7 8. Bg2
Nbd7 9. a4 b4 10. Ne5 Rc8 11. Nd2 Qc7 12. Ndf3 c5 13. Bf4 Bd6 14. Nxd7 Qxd7 15.
Bxd6 Qxd6 16. dxc5 Rxc5 17. Qb3 O-O 18. O-O a5 19. Rfd1 Bd5 20. Qd3 Qc7 21. Ne1
Bc4 22. Qd2 Nd5 23. Nd3 Bxd3 24. Qxd3 Rc8 25. Bxd5 Rxd5 26. Qb3 Rc5 27. Rd2 h6
1/2-1/2

[Event "XLVII C.to Italiano"]
[Site "Chianciano Terme ITA"]
[Date "1987.05.??"]
[Round "?"]
[White "Tatai, Stefano"]
[Black "Bellia, Fabrizio"]
[WhiteElo "2425"]
[BlackElo "2280"]
[Result "1-0"]
[PlyCount "49"]
[EventDate "1987.05.23"]

1. d4 Nf6 2. Nf3 g6 3. g3 Bg7 4. Bg2 O-O 5. O-O d5 6. c4 c6 7. b3 b5 8. Nbd2
Nbd7 9. Qc2 Ba6 10. Bb2 Rb8 11. Rab1 bxc4 12. bxc4 Qa5 13. Bc3 Qa3 14. Rb3 Qa4
15. Rc1 Rb6 16. c5 Rxb3 17. axb3 Qb5 18. Ra1 Qb7 19. Bf1 Bb5 20. Ra5 a6 21. e3
Ne4 22. Nxe4 Bxf1 23. Kxf1 dxe4 24. Qxe4 Nxc5 25. Rxc5 1-0

[Event "XLVII C.to Italiano"]
[Site "Chianciano Terme ITA"]
[Date "1987.05.??"]
[Round "?"]
[White "Tatai, Stefano"]
[Black "Godena, Michele"]
[WhiteElo "2425"]
[BlackElo "2360"]
[Result "1/2-1/2"]
[PlyCount "23"]
[EventDate "1987.05.23"]

1. Nf3 Nf6 2. d4 c5 3. g3 e6 4. Bg2 Nc6 5. O-O Qb6 6. dxc5 Bxc5 7. Nc3 Bb4 8.
Na4 Qa6 9. c3 Be7 10. b3 d5 11. Be3 O-O 12. Qc2 1/2-1/2

[Event "XLVII C.to Italiano"]
[Site "Chianciano Terme ITA"]
[Date "1987.05.??"]
[Round "?"]
[White "Tatai, Stefano"]
[Black "Lanzani, Mario"]
[WhiteElo "2425"]
[BlackElo "2345"]
[Result "1/2-1/2"]
[PlyCount "37"]
[EventDate "1987.05.23"]

1. d4 d5 2. c4 e6 3. Nc3 c6 4. Nf3 dxc4 5. e3 b5 6. a4 Bb4 7. Bd2 a5 8. axb5
Bxc3 9. Bxc3 cxb5 10. b3 Bb7 11. bxc4 b4 12. Bb2 Nf6 13. c5 O-O 14. Bb5 Bc6 15.
Bxc6 Nxc6 16. O-O Qd5 17. Ra4 Rfd8 18. Qc2 e5 19. Rd1 1/2-1/2

[Event "XLVII C.to Italiano"]
[Site "Chianciano Terme ITA"]
[Date "1987.05.??"]
[Round "?"]
[White "Tatai, Stefano"]
[Black "Martorelli, Antonio"]
[WhiteElo "2425"]
[BlackElo "2295"]
[Result "1/2-1/2"]
[PlyCount "52"]
[EventDate "1987.05.23"]

1. d4 Nf6 2. Nf3 g6 3. c4 Bg7 4. g3 O-O 5. Bg2 d6 6. O-O Nbd7 7. Qc2 e5 8. Rd1
Re8 9. dxe5 dxe5 10. e4 c6 11. h3 Qe7 12. Be3 Qf8 13. c5 Bh6 14. Ng5 Nh5 15.
Rd6 Qe7 16. h4 Nf8 17. Na3 f6 18. Qb3+ Kg7 19. Nf3 Be6 20. Bxh6+ Kxh6 21. Qc3
Red8 22. Rad1 Rd7 23. Nc4 Rad8 24. Rxd7 Rxd7 25. Nd6 Kg7 26. a3 Kg8 1/2-1/2

[Event "XLVII C.to Italiano"]
[Site "Chianciano Terme ITA"]
[Date "1987.05.??"]
[Round "?"]
[White "Vallifuoco, Giacomo"]
[Black "Bellia, Fabrizio"]
[WhiteElo "2385"]
[BlackElo "2280"]
[Result "1/2-1/2"]
[PlyCount "23"]
[EventDate "1987.05.23"]

1. d4 Nf6 2. Nf3 g6 3. c4 Bg7 4. Nc3 O-O 5. e3 d6 6. Be2 Nbd7 7. O-O e5 8. b3
Re8 9. Bb2 c6 10. a4 a5 11. dxe5 dxe5 12. Qc2 1/2-1/2

[Event "XLVII C.to Italiano"]
[Site "Chianciano Terme ITA"]
[Date "1987.05.??"]
[Round "?"]
[White "Vallifuoco, Giacomo"]
[Black "Tatai, Stefano"]
[WhiteElo "2385"]
[BlackElo "2425"]
[Result "1/2-1/2"]
[PlyCount "20"]
[EventDate "1987.05.23"]

1. d4 Nf6 2. Nf3 d5 3. c4 c6 4. Nc3 e6 5. cxd5 exd5 6. Bg5 Nbd7 7. e3 Be7 8.
Bd3 O-O 9. Qc2 Re8 10. O-O Ne4 1/2-1/2